Poľovná zver v našom regióne - danielia zver

Bibliographic Details
Main Author: Tekula, Peter (Author)
Format: Article
Language:Slovak
PhysicalDescription:Fotogr.
Subjects:

MARC

LEADER 00000nab a2200000 a 4500
001 vtls009491182
003 SK-MaSNL
005 20260305030507.0
008 090408 2009 xo w 000 0 slo
038 |a TNKJF 
040 |a TNKJF  |b slo  |c TNKJF  |e AACR2 
041 0 |a slo 
044 |a xo  |c SK 
080 |a 639.1.02  |x (437.612.427)  |2 2001 
080 |a 639.111.1  |x (437.612.427)  |2 2001 
100 1 |a Tekula, Peter  |4 aut  |9 1327783 
245 1 0 |a Poľovná zver v našom regióne - danielia zver  |c Peter Tekula 
300 |b Fotogr. 
650 0 7 |a poľovná zver  |2 tnkjf  |9 2837 
650 0 7 |a danielia zver  |2 tnkjf  |9 71279 
651 7 |a Piešťany (Slovensko : okres)  |2 tnkjf  |9 78633 
773 0 |t Piešťanský týždeň  |g Roč. XIX, č. 3 (2009), s. 21 
852 |a TNKJF  |b KIS3GCP 
958 |a SK 
999 |c 3311821  |d 3313751